Manetho / (Record no. 35650)
[ view plain ]
| 000 -LEADER | |
|---|---|
| fixed length control field | 01350nam a2200337 a 4500 |
| 001 - CONTROL NUMBER | |
| control field | 35650 |
| 003 - CONTROL NUMBER IDENTIFIER | |
| rucl marc code | BD-RjUL |
| 005 - DATE AND TIME OF LATEST TRANSACTION | |
| control field | 20211209052346.0 |
| 008 - FIXED-LENGTH DATA ELEMENTS--GENERAL INFORMATION | |
| fixed length control field | 140528r19481940enkbf b 001 0 eng d |
| 035 ## - SYSTEM CONTROL NUMBER | |
| System control number | (BD-RjUL)35745 |
| -- | OCLC ocm03172724 from D960417M |
| 040 ## - CATALOGING SOURCE | |
| Original cataloging agency | Harvard Univ. Library |
| Transcribing agency | CIN |
| Modifying agency | CIN |
| -- | SER |
| -- | OCL |
| -- | PGC |
| -- | EQO |
| -- | BD-RjUL |
| Language of cataloging | eng |
| 041 1# - LANGUAGE CODE | |
| Language code of text/sound track or separate title | eng |
| -- | grc |
| Language code of original | grc |
| 082 00 - DEWEY DECIMAL CLASSIFICATION NUMBER | |
| Classification number | 888.9 |
| Author mark and year | MAM 1948 |
| 100 0# - MAIN ENTRY--PERSONAL NAME | |
| Personal name | Manetho. |
| 9 (RLIN) | 108546 |
| 245 10 - TITLE STATEMENT | |
| Title | Manetho / |
| Statement of responsibility, etc. | with an English translation by W.G. Waddell. |
| 260 ## - PUBLICATION, DISTRIBUTION, ETC. (IMPRINT) | |
| Place of publication, distribution, etc. | London : |
| Name of publisher, distributor, etc. | W. Heinemann ltd ; |
| Place of publication, distribution, etc. | Cambridge, Mass : |
| Name of publisher, distributor, etc. | Harvard University Press, |
| Date of publication, distribution, etc. | 1940 [reprinted 1948]. |
| 300 ## - PHYSICAL DESCRIPTION | |
| Pagination | various pages : |
| Illustrations | ill. (fold. map) ; |
| Size | 17 cm. |
| 490 1# - SERIES STATEMENT | |
| Series statement | Loeb classical library ; |
| Volume/sequential designation | 350 |
| 500 ## - GENERAL NOTE | |
| General note | One plate accompanied by leaf with descriptive letterpress |
| 504 ## - BIBLIOGRAPHY, ETC. NOTE | |
| Bibliography, etc | Bibliographical foot-notes. Bibliography: p. xxix-xxxi.and index. |
| 651 #0 - SUBJECT ADDED ENTRY--GEOGRAPHIC NAME | |
| Geographic name | Egypt |
| General subdivision | History |
| Chronological subdivision | To 332 B.C. |
| 9 (RLIN) | 108547 |
| Geographic name | Egypt |
| General subdivision | Religion |
| Form subdivision | Early works to 1800. |
| 9 (RLIN) | 108548 |
| 700 1# - ADDED ENTRY--PERSONAL NAME | |
| Personal name | Waddell, W. G. |
| Fuller form of name | (William Gillan), |
| Dates associated with a name | 1884-1945. |
| Personal name | Robbins, Frank Egleston, |
| Dates associated with a name | 1884- |
| Personal name | Ptolemy, |
| Dates associated with a name | active 2nd century. |
| 830 #0 - SERIES ADDED ENTRY--UNIFORM TITLE | |
| Volume number/sequential designation | 350. |
| 830 #0 - SERIES ADDED ENTRY--UNIFORM TITLE | |
| Uniform title | Loeb classical library ; |
| 942 ## - ADDED ENTRY ELEMENTS (KOHA) | |
| Source of classification or shelving scheme | Dewey Decimal Classification |
| Koha item type | Books |
| Lost status | Source of classification or shelving scheme | Damaged status | Not for loan | Collection code | Permanent Location | Current Location | Shelving location | Date acquired | Source of acquisition | Cost, normal purchase price | Total Checkouts | Full call number | Date last seen | Copy number | Koha item type |
|---|---|---|---|---|---|---|---|---|---|---|---|---|---|---|---|
| Dewey Decimal Classification | Not For Loan | Non-fiction | Central Library, University of Rajshahi | Central Library, University of Rajshahi | Reading Room | 10/03/1955 | Simpkim man. | 15.50 | 888.9 MAM 1948 | 28/05/2014 | C-1 | Books |